000 00320nam a2200133Ia 4500
100 _aSirohi/ R.S/ Radha Krishna/ H.C.
942 _cBK
654 _aMechanical measurements
245 _aMechanical measurements
260 _bWiley eastern
_aNew Delhi
_c1983
082 _a620.0044
300 _a256
546 _aENGLISH
999 _c18889
_d18889